| 000 | 00721cam a2200265 a 4500 | ||
|---|---|---|---|
| 001 | 16533762 | ||
| 005 | 20180824025826.0 | ||
| 008 | 101104s2011 nyua b 001 0 eng | ||
| 010 | _a 2010485701 | ||
| 020 | _a9780073382784 | ||
| 035 | _a(DLC)16533762 | ||
| 035 | _a(DLC)2010485701 | ||
| 040 |
_aDLC _cDLC _dDLC |
||
| 041 | _aeng | ||
| 042 | _apcc | ||
| 080 | _a159.9 | ||
| 082 | _2159.9 | ||
| 100 | 1 | _a48 | |
| 101 | _aPSI | ||
| 245 | 1 | 0 |
_aAbnormal psychology / _cSusan Nolen-Hoeksema. |
| 504 | _aIncludes bibliographical references (p. 539-586) and indexes. | ||
| 906 |
_a7 _bcbc _corigcop _d3 _eocip _f20 _gy-gencatlg |
||
| 942 |
_2ddc _cBK |
||
| 999 |
_c47299 _d47299 |
||